00517cam a22001814a 4500008004100000020002300041100002500064245004700089250001200136260005200148300003500200504004100235500002000276650001200296003000100308005001700309040000900326  a0521833450 (pbk. )1 aSilfvast, William T.10aLaser fundamentals /cWilliam T. Silfvast. a2nd ed. aCambridge :bCambridge University Press,c2004. axxiv, 642 p. :bill. ;c26 cm. aIncludes bibliographical references. aIncludes index. 0aLasers.20230123125423.0 cNUST